000 00518nam a2200169Ia 4500
999 _c22201
_d22201
003 OSt
005 20201117145155.0
008 190216s9999||||xx |||||||||||||| ||und||
040 _coclc
082 _a297.63
_bPAS/M
100 _aPasha, N K Musthafa Kamal
_91889
245 0 _aMuhamed Nabiyude Bahumuka Jeevitham /
_cN K Musthafa Kamal Pasha
260 _bHidayath Book Stall,
_aTirur:
_c2000.
300 _a156p
650 _aIslamic History
942 _cBK
_2ddc
_h297.63
_iPAS/M
_k297.63
_mPAS/M